IP acquisition in India : (Record no. 101710)

MARC details
000 -LEADER
fixed length control field 00629nam a22002057a 4500
005 - DATE AND TIME OF LATEST TRANSACTION
control field 20160802112013.0
010 ## - LCCN (DPL NO)
LC control number ENG-115612
020 ## - INTERNATIONAL STANDARD BOOK NUMBER
International Standard Book Number 9789351436409
Terms of availability 495.00
035 ## - SYSTEM CONTROL NUMBER
System control number EN-99144
037 ## - SOURCE OF ACQUISITION
Source of stock number/acquisition DBAD/PUB
082 ## - DEWEY DECIMAL CLASSIFICATION NUMBER
Classification number 346.54048
100 ## - MAIN ENTRY--PERSONAL NAME
Personal name Global,Altacit
245 ## - TITLE STATEMENT
Title IP acquisition in India :
Statement of responsibility, etc by Altacit Global
Remainder of title tax & legal aspect /
250 ## - EDITION STATEMENT
Edition statement .
260 ## - PUBLICATION, DISTRIBUTION, ETC. (IMPRINT)
Place of publication, distribution, etc Gurgaon
Name of publisher, distributor, etc Lexis Nexis
Date of publication, distribution, etc 2016
270 ## - ADDRESS
Address 14th Floor, Building No.10, Tower-B, DLF Cyber City, Phase-II
City Gurgaon
Postal code 122002
300 ## - PHYSICAL DESCRIPTION
Extent xvi,179p.
Dimensions 24cm(pbk)
500 ## - GENERAL NOTE
General note Includes index
942 ## - ADDED ENTRY ELEMENTS (KOHA)
Source of classification or shelving scheme Dewey Decimal Classification
Item type English Books
Call number suffix GLO
Classification part 345.54048
Holdings
Withdrawn status Lost status Not for loan Collection code Home library Current library Date acquired Source of acquisition Cost, normal purchase price Full call number Barcode Copy number Cost, replacement price Koha item type
    Not For Loan Non-fiction D.B.Act.Division Bawana 02/08/2016 DBAD/PUB 495.00 345.54048 GLO EN-99144 1 495.00 English Books

© Delhi Public Library
Hit Counter
free hit counter